书目信息 |
| 题名: |
Visual C++网络游戏建模与实现
|
|
| 作者: | 苏羽 , 王媛媛 编著 | |
| 分册: | ||
| 出版信息: | 北京 北京科海电子出版社 2003.06 |
|
| 页数: | 316页 | |
| 开本: | 26cm | |
| 丛书名: | 计算机游戏设计与开发系列从书 | |
| 单 册: | ||
| 中图分类: | TP393.4 , TP312C | |
| 科图分类: | ||
| 主题词: | 互连网络--C语言--程序设计 , 互连网络 , C语言 , 程序设计 | |
| 电子资源: | ||
| ISBN: | 7-900107-97-5 | |
| 000 | 00979nam2 2200313 45 | |
| 001 | 012004000000 | |
| 005 | 20050104104845.26 | |
| 010 | @a7-900107-97-5@dCNY 32.00 | |
| 100 | @a20040223d2003 em y0chiy0121 ea | |
| 101 | 0 | @achi |
| 102 | @aCN@b110000 | |
| 105 | @aak z 000yy | |
| 200 | 1 | @aVisual C++网络游戏建模与实现@AVisual C++ wang luo you xi jian mo yu shi xian@f苏羽, 王媛媛编著 |
| 210 | @a北京@c北京科海电子出版社@d2003.06 | |
| 215 | @a316页@c图, 表格@d26cm@e附光盘1片 | |
| 225 | 2 | @a计算机游戏设计与开发系列从书 |
| 307 | @aISBN 7-900107-97-5 | |
| 330 | @a本书讲述如何UML进行棋牌类网络游戏建模, 如何用…… | |
| 410 | 0 | @12001 @a计算机游戏设计与开发系列从书 |
| 606 | 0 | @a互连网络@xC语言@x程序设计 |
| 606 | 0 | @a互连网络 |
| 606 | 0 | @aC语言 |
| 606 | 0 | @a程序设计 |
| 690 | @aTP393.4@v4 | |
| 690 | @aTP312C@v4 | |
| 701 | 0 | @a苏羽@Asu yu@4编著 |
| 701 | 0 | @a王媛媛@Awang yuan yuan@4编著 |
| 801 | 0 | @aCN@bQSSKb@c20050104 |
| 905 | @a10447@dTP393.4@eS861 | |
| Visual C++网络游戏建模与实现/苏羽, 王媛媛编著.-北京:北京科海电子出版社,2003.06 |
| 316页:图, 表格;26cm+附光盘1片.-(计算机游戏设计与开发系列从书) |
| ISBN 7-900107-97-5:CNY 32.00 |
| 本书讲述如何UML进行棋牌类网络游戏建模, 如何用…… |
| ● |
| 相关链接 |
|
|
|
正题名:Visual C++网络游戏建模与实现
索取号:TP393.4/S861
 
预约/预借
| 序号 | 登录号 | 条形码 | 馆藏地/架位号 | 状态 | 备注 |
| 1 | 434251 | 204342513 | 期刊室512/301自科库 134排2列1层/ [索取号:TP393.4/S861] | 在馆 | |
| 2 | 434252 | 204342522 | 期刊室512/301自科库 134排2列1层/ [索取号:TP393.4/S861] | 在馆 | |
| 3 | 434253 | 204342531 | 期刊室512/301自科库 134排2列1层/ [索取号:TP393.4/S861] | 在馆 |